Derecho español de la información (Registro nro. 158895)
[ vista simple ]
| 000 -LEADER | |
|---|---|
| fixed length control field | 01118ny a22002773n 4500 |
| 008 - FIXED-LENGTH DATA ELEMENTS--GENERAL INFORMATION | |
| fixed length control field | 060221s2003 sp 001 0 spa c |
| 017 ## - | |
| -- | D.L. B.39140-2003 |
| 020 ## - INTERNATIONAL STANDARD BOOK NUMBER | |
| International Standard Book Number | 8484290263 |
| 035 ## - | |
| -- | 1258 |
| 040 ## - CATALOGING SOURCE | |
| Original cataloging agency | UMA.DER |
| Modifying agency | vLex |
| 040 ## - CATALOGING SOURCE | |
| Original cataloging agency | UMA.RE |
| Modifying agency | vLex |
| 080 ## - | |
| -- | 351.751(460)(0.034) |
| 090 ## - | |
| -- | 365 |
| -- | 365 |
| 100 1# - MAIN ENTRY--PERSONAL NAME | |
| Personal name | Carreras Serra, Lluís de |
| 245 10 - TITLE STATEMENT | |
| Title | Derecho español de la información |
| Medium | [Recurso electrónico] |
| Statement of responsibility, etc | Lluís de Carreras Serra |
| 256 ## - | |
| -- | Servicio en línea |
| 260 ## - PUBLICATION, DISTRIBUTION, ETC. (IMPRINT) | |
| Place of publication, distribution, etc | Barcelona : |
| Name of publisher, distributor, etc | Editorial UOC, |
| Date of publication, distribution, etc | 2003 |
| 300 ## - PHYSICAL DESCRIPTION | |
| Extent | 420 p. ; |
| Dimensions | 24 cm |
| 506 1# - RESTRICTIONS ON ACCESS NOTE | |
| Terms governing access | Contenido solo disponible en los productos indicados |
| Authorized users | vLex Global |
| -- | vLex Global (Academic Edition, excluding Law Schools) |
| -- | vLex Global (U.S. Academic Edition, Law Schools) |
| -- | vLex Global (U.S. Academic Edition, excluding Law Schools) |
| -- | vLex Global (Academic Edition, Law Schools) |
| 650 07 - SUBJECT ADDED ENTRY--TOPICAL TERM | |
| Topical term or geographic name as entry element | Constitucional |
| Source of heading or term | Tesauro vLex |
| 650 07 - SUBJECT ADDED ENTRY--TOPICAL TERM | |
| Topical term or geographic name as entry element | Derecho de la información |
| Source of heading or term | Tesauro vLex |
| 740 0# - | |
| -- | vLex Libros (Servicios en línea) |
| 856 40 - LOCALIZACIÓN Y ACCESO ELECTRÓNICO | |
| Identificador Uniforme del Recurso (URI/URL) | https://app.vlex.com/#/sources/1258 |
| 942 ## - | |
| -- | RAA |
| 999 ## - | |
| -- | 158895 |
| -- | 158895 |
No hay ítems disponibles.